Języki urzędowe krajów Europy - Statystyki

Ogólne statystyki
  • Ten quiz został rozwiązany 106 razy
  • Średni wynik to 55 z 61
Statystyki odpowiedzi
Kraj Język(i) urzędow(y/e) % Poprawnych
Polska polski
99%
Białoruś rosyjski
99%
Rosja rosyjski
99%
Irlandia angielski
98%
Malta angielski
98%
Wielka Brytania angielski
98%
Austria niemiecki
98%
Belgia niemiecki
98%
Liechtenstein niemiecki
98%
Luksemburg niemiecki
98%
Niemcy niemiecki
98%
Szwajcaria niemiecki
98%
Albania albański
96%
Kosowo albański
96%
Macedonia Północna albański
96%
Bułgaria bułgarski
96%
Czechy czeski
96%
San Marino włoski
96%
Szwajcaria włoski
96%
Watykan włoski
96%
Włochy włoski
96%
Bośnia i Hercegowina chorwacki
95%
Chorwacja chorwacki
95%
Belgia francuski
95%
Francja francuski
95%
Luksemburg francuski
95%
Monako francuski
95%
Szwajcaria francuski
95%
Ukraina ukraiński
95%
Węgry węgierski
95%
Estonia estoński
94%
Słowacja słowacki
94%
Białoruś białoruski
93%
Dania duński
93%
Hiszpania hiszpański
93%
Norwegia norweski
93%
Mołdawia rumuński
92%
Rumunia rumuński
92%
Słowenia słoweński
92%
Grecja grecki
90%
Islandia islandzki
90%
Litwa litewski
90%
Portugalia portugalski
90%
Bośnia i Hercegowina serbski
90%
Kosowo serbski
90%
Serbia serbski
90%
Irlandia irlandzki
89%
Finlandia szwedzki
89%
Szwecja szwedzki
89%
Łotwa łotewski
86%
Finlandia fiński
82%
Macedonia Północna macedoński
81%
Belgia niderlandzki
79%
Holandia niderlandzki
79%
Czarnogóra czarnogórski
75%
Bośnia i Hercegowina bośniacki
74%
Malta maltański
71%
Luksemburg luksemburski
64%
Watykan łacina
61%
Andora kataloński
56%
Szwajcaria romansz
27%
Nie znaleziono quizów pasujących do podanych kryteriów
Rozkład punktacji
Procent ludzi z każdym wynikiem
Percentyl według liczby udzielonych odpowiedzi
Twoja historia wyników
Nie rozwiązałeś tego quizu